[Event "Copenhagen Chess Challenge 2006"]
[Site "Skovlunde"]
[Date "2006.??.??"]
[Round "1"]
[White "Rosenkilde, Alexander"]
[Black "Carstensen, Jacob"]
[Result "0-1"]
[WhiteElo "2031"]
[BlackElo "2278"]
[PlyCount "136"]
[EventDate "2006.??.??"]
[EventType "swiss"]
[EventRounds "9"]
[EventCountry "DEN"]

1. d4 d5 2. c4 dxc4 3. Nf3 Nf6 4. e3 Bg4 5. Bxc4 e6 6. O-O a6 7. a4 Nc6 8. Be2
Bd6 9. h3 Bh5 10. Qb3 O-O 11. Nbd2 Qe7 12. Nc4 Bb4 13. Bd2 Ne4 14. Bxb4 Nxb4
15. Rfd1 a5 16. Rac1 Rfd8 17. Ncd2 Nxd2 18. Rxd2 f6 19. Bc4 Bf7 20. Ne1 c6 21.
Nd3 Nxd3 22. Rxd3 Rd6 23. Qb6 Kh8 24. Qc5 Bg6 25. Rb3 Rd7 26. Qxe7 Rxe7 27. Bd3
Bf7 28. Bc4 Kg8 29. Kf1 Kf8 30. Ke2 Ke8 31. e4 Kd8 32. Kf3 Rd7 33. Rd3 Kc7 34.
d5 exd5 35. exd5 Bxd5+ 36. Bxd5 Rad8 37. Rcd1 Rxd5 38. Rxd5 Rxd5 39. Re1 Rf5+
40. Kg3 Re5 41. Rd1 Re4 42. b3 g5 43. Kf3 Rb4 44. Rd3 h5 45. Ke2 Re4+ 46. Kd2
Rf4 47. Ke2 Rf5 48. Ke3 Rd5 49. Rc3 Re5+ 50. Kd4 Kd6 51. Rf3 f5 52. Rc3 Re4+
53. Kd3 Kd5 54. Rc2 g4 55. hxg4 fxg4 56. Rc1 Rd4+ 57. Kc3 Rf4 58. Rd1+ Kc5 59.
Rf1 h4 60. f3 h3 61. gxh3 g3 62. Kc2 Kb4 63. Rg1 Rxf3 64. h4 Rf2+ 65. Kd3 Rh2
66. Rxg3 Rxh4 67. Rg7 b6 68. Rg6 Rh3+ 0-1

[Event "Copenhagen Chess Challenge 2006"]
[Site "Skovlunde"]
[Date "2006.??.??"]
[Round "1"]
[White "Hansen, Alexei"]
[Black "Ivanov, Mikhail"]
[Result "0-1"]
[WhiteElo "2104"]
[BlackElo "2443"]
[PlyCount "70"]
[EventDate "2006.??.??"]
[EventType "swiss"]
[EventRounds "9"]
[EventCountry "DEN"]

1. e4 c5 2. Nf3 b6 3. d4 cxd4 4. Nxd4 Bb7 5. Nc3 a6 6. Bd3 d6 7. O-O g6 8. Be3
Bg7 9. Qe2 Nd7 10. a4 Ngf6 11. Nd5 O-O 12. c4 Nc5 13. f3 Nfd7 14. Bc2 Rc8 15.
b4 e6 16. Nc3 e5 17. Nb3 Ne6 18. Nd5 Nd4 19. Bxd4 exd4 20. Rad1 Bxd5 21. cxd5
Qc7 22. Na1 Qc4 23. Qd2 Qa2 24. Rf2 Rc3 25. f4 Rfc8 26. Bb3 Qa3 27. f5 Rxb3 28.
Nxb3 Qxb3 29. fxg6 hxg6 30. Rc1 Rc3 31. Rcf1 Ne5 32. Qg5 Rc8 33. Qe7 Qe3 34.
Qxd6 Nd3 35. Qd7 Rf8 0-1

[Event "Copenhagen Chess Challenge 2006"]
[Site "Skovlunde"]
[Date "2006.??.??"]
[Round "1"]
[White "Glud, Jakob Vang"]
[Black "Nielsen, Jan Mose"]
[Result "1/2-1/2"]
[WhiteElo "2421"]
[BlackElo "2101"]
[PlyCount "107"]
[EventDate "2006.??.??"]
[EventType "swiss"]
[EventRounds "9"]
[EventCountry "DEN"]

1. d4 d5 2. c4 c6 3. Nf3 Nf6 4. Nc3 a6 5. e3 b5 6. b3 Bg4 7. Be2 Nbd7 8. O-O e6
9. Bb2 Bd6 10. h3 Bh5 11. Ne5 Bxe2 12. Nxe2 Rc8 13. Rc1 O-O 14. Qd3 Ne4 15.
cxd5 cxd5 16. Rxc8 Qxc8 17. Rc1 Qb7 18. Qc2 Nb8 19. Nc6 Nd7 20. Ne5 Nb8 21. Nc6
Nd7 22. f3 Ng3 23. Nxg3 Bxg3 24. Ba3 Ra8 25. Ne7+ Kh8 26. Nc8 b4 27. Bb2 Nb6
28. Nxb6 Qxb6 29. Qc8+ Qd8 30. Qb7 Qf8 31. f4 a5 32. Rc7 h5 33. Kf1 Kg8 34. Ke2
Rb8 35. Qa7 Ra8 36. Qb7 Rb8 37. Qc6 Kh7 38. Qd7 Kg8 39. Kf3 h4 40. Bc1 g5 41.
Bd2 Rd8 42. Qc6 Qh6 43. Ke2 Qh5+ 44. Kd3 Qg6+ 45. Ke2 Qe4 46. Rc8 Qxg2+ 47. Kd1
Qg1+ 48. Kc2 Rxc8 49. Qxc8+ Kg7 50. Qd8 gxf4 51. Qg5+ Kf8 52. Qd8+ Kg7 53. Qg5+
Kf8 54. Qd8+ 1/2-1/2

[Event "Copenhagen Chess Challenge 2006"]
[Site "Skovlunde"]
[Date "2006.??.??"]
[Round "1"]
[White "Semcesen, Daniel"]
[Black "Scherwin, Claes"]
[Result "1-0"]
[WhiteElo "2195"]
[BlackElo "1820"]
[PlyCount "39"]
[EventDate "2006.??.??"]
[EventType "swiss"]
[EventRounds "9"]
[EventCountry "DEN"]

1. e4 c5 2. Nf3 Nc6 3. c3 Nf6 4. e5 Nd5 5. g3 d6 6. exd6 Qxd6 7. Bg2 Bg4 8. O-O
e6 9. Na3 Nb6 10. d4 cxd4 11. Nb5 Qd7 12. Nbxd4 Rd8 13. Qb3 Qd5 14. Nxc6 bxc6
15. Nd4 Qh5 16. Bxc6+ Nd7 17. Be3 Be7 18. Bg2 O-O 19. Nc6 Bf6 20. f3 1-0

[Event "Copenhagen Chess Challenge 2006"]
[Site "Skovlunde"]
[Date "2006.??.??"]
[Round "1"]
[White "Akdag, Dara Sevkan"]
[Black "Skovgaard, Peter Nicolai"]
[Result "0-1"]
[WhiteElo "1940"]
[BlackElo "2197"]
[PlyCount "66"]
[EventDate "2006.??.??"]
[EventType "swiss"]
[EventRounds "9"]
[EventCountry "DEN"]

1. d4 Nf6 2. Bg5 d5 3. c4 e6 4. e3 Nbd7 5. cxd5 exd5 6. Nc3 c6 7. Bd3 Be7 8.
Nf3 O-O 9. h3 Re8 10. O-O h6 11. Bf4 Nf8 12. Bh2 Ne6 13. Ne5 g6 14. f4 Ng7 15.
Qc2 Bf5 16. g4 Bxd3 17. Qxd3 Bd6 18. g5 hxg5 19. Nxf7 Kxf7 20. fxg5 Nf5 21.
Rxf5 Bxh2+ 22. Kxh2 gxf5 23. gxf6 Qd6+ 24. Kh1 Rh8 25. Qxf5 Qe6 26. Qxe6+ Kxe6
27. e4 dxe4 28. Nxe4 Rxh3+ 29. Kg2 Re3 30. Nc5+ Kxf6 31. Nxb7 Rb8 32. Rf1+ Kg6
33. Kf2 Rd3 0-1

[Event "Copenhagen Chess Challenge 2006"]
[Site "Skovlunde"]
[Date "2006.??.??"]
[Round "1"]
[White "Nilssen, John Arni"]
[Black "Skovgaard, Tom"]
[Result "1-0"]
[WhiteElo "2356"]
[BlackElo "2033"]
[PlyCount "49"]
[EventDate "2006.??.??"]
[EventType "swiss"]
[EventRounds "9"]
[EventCountry "DEN"]

1. d4 Nf6 2. c4 e6 3. Nf3 Bb4+ 4. Bd2 Bxd2+ 5. Nbxd2 d5 6. g3 O-O 7. Bg2 c5 8.
dxc5 Qa5 9. cxd5 exd5 10. O-O Qxc5 11. Nb3 Qe7 12. Nfd4 a5 13. Rc1 a4 14. Nc5
a3 15. b4 Na6 16. Qb3 b6 17. Nd3 Nc7 18. Rc6 Ne4 19. Nf4 Nd2 20. Qc3 Nc4 21.
Rxc7 Qxc7 22. Nxd5 Qd6 23. Qxc4 Ra4 24. Nb5 Qe5 25. Qc2 1-0

[Event "Copenhagen Chess Challenge 2006"]
[Site "Skovlunde"]
[Date "2006.??.??"]
[Round "1"]
[White "Miezis, Normunds"]
[Black "Smith, Axel"]
[Result "1-0"]
[WhiteElo "2496"]
[BlackElo "2105"]
[PlyCount "101"]
[EventDate "2006.??.??"]
[EventType "swiss"]
[EventRounds "9"]
[EventCountry "DEN"]

1. c4 e6 2. e4 d5 3. exd5 exd5 4. cxd5 Nf6 5. Bb5+ Nbd7 6. Nf3 a6 7. Be2 Nxd5
8. O-O N7f6 9. Re1 Be7 10. Nc3 O-O 11. d4 h6 12. Bc4 Be6 13. Bb3 c5 14. h3 Rc8
15. Nxd5 Bxd5 16. Bxd5 Nxd5 17. Qb3 Nb4 18. Ne5 cxd4 19. Ng6 Bd6 20. Bf4 Nc2
21. Bxd6 Nxa1 22. Qd5 Nc2 23. Re5 Re8 24. Rxe8+ Qxe8 25. Ne7+ Kh8 26. Nxc8 Qxc8
27. Qxf7 Qd8 28. Be5 Qg5 29. Bf4 Qd8 30. Qxb7 Qe8 31. Qb8 Qxb8 32. Bxb8 Kg8 33.
Kf1 d3 34. Be5 Kf7 35. Bc3 g6 36. g4 Ke6 37. Bd2 h5 38. f3 Ke5 39. Kf2 hxg4 40.
hxg4 Kd5 41. Bc3 Ke6 42. f4 Kd6 43. Kf3 Kd5 44. f5 gxf5 45. gxf5 d2 46. Bxd2
Ke5 47. Kg4 Kf6 48. Bc3+ Kf7 49. Kf3 Ke8 50. Ke4 Na1 51. Kd3 1-0

[Event "Copenhagen Chess Challenge 2006"]
[Site "Skovlunde"]
[Date "2006.??.??"]
[Round "1"]
[White "Nilsson, Sebastian"]
[Black "Tandrup, Michael"]
[Result "0-1"]
[WhiteElo "2223"]
[BlackElo "2021"]
[PlyCount "80"]
[EventDate "2006.??.??"]
[EventType "swiss"]
[EventRounds "9"]
[EventCountry "DEN"]

1. e4 e6 2. d4 d5 3. Nc3 dxe4 4. Nxe4 Nd7 5. Bd3 Ngf6 6. Qe2 c5 7. Nxf6+ Nxf6
8. dxc5 Bxc5 9. Bd2 Qb6 10. O-O-O Bd7 11. Nf3 O-O 12. Ne5 Rfd8 13. g4 Rac8 14.
g5 Bd4 15. c3 Bxe5 16. Qxe5 Rc5 17. Qe2 Nd5 18. Bc2 Rdc8 19. Qd3 g6 20. h4 Bb5
21. Qh3 Be2 22. Rde1 Bh5 23. Bb3 a5 24. Re4 Qa6 25. Rhe1 Nb4 26. Rxe6 Nd3+ 27.
Kb1 Qb5 28. R1e3 Nf4 29. Re8+ Rxe8 30. Qh1 Rxe3 31. Bxe3 Rf5 32. c4 Qd7 33. Bc2
Nd3 34. Qf1 Nb4 35. Be4 Re5 36. f3 Rxe4 37. fxe4 Qd1+ 38. Qxd1 Bxd1 39. a3 Nc6
40. Bd2 Bb3 0-1

[Event "Copenhagen Chess Challenge 2006"]
[Site "Skovlunde"]
[Date "2006.??.??"]
[Round "1"]
[White "Wiecker, Stefan"]
[Black "Tikkanen, Hans"]
[Result "0-1"]
[WhiteElo "2039"]
[BlackElo "2359"]
[PlyCount "56"]
[EventDate "2006.??.??"]
[EventType "swiss"]
[EventRounds "9"]
[EventCountry "DEN"]

1. e4 c5 2. Nc3 Nc6 3. g3 g6 4. Bg2 Bg7 5. d3 e6 6. Be3 d6 7. f4 Nge7 8. Nf3
Nd4 9. O-O Rb8 10. e5 Nef5 11. Bf2 O-O 12. Ne4 Nxf3+ 13. Qxf3 dxe5 14. fxe5
Bxe5 15. Nxc5 b6 16. Ne4 Bxb2 17. Rab1 Bg7 18. g4 Nd4 19. Qd1 f5 20. Bg3 e5 21.
gxf5 gxf5 22. Nd2 Bb7 23. Nf3 Rc8 24. Nxd4 Qxd4+ 25. Bf2 Qd7 26. Bxb7 Qxb7 27.
Qe2 Rc6 28. Qf3 Rg6+ 0-1

[Event "Copenhagen Chess Challenge 2006"]
[Site "Skovlunde"]
[Date "2006.??.??"]
[Round "2"]
[White "Tandrup, Michael"]
[Black "Glud, Jakob Vang"]
[Result "0-1"]
[WhiteElo "2021"]
[BlackElo "2421"]
[PlyCount "80"]
[EventDate "2006.??.??"]
[EventType "swiss"]
[EventRounds "9"]
[EventCountry "DEN"]

1. d4 e6 2. Nf3 Nf6 3. e3 b6 4. Bd3 Bb7 5. b3 Be7 6. Bb2 O-O 7. O-O d6 8. c4
Nbd7 9. Nbd2 c5 10. Qe2 Rc8 11. Rac1 Qc7 12. e4 cxd4 13. Nxd4 Rfe8 14. Rfe1 Bf8
15. Bb1 a6 16. f3 g6 17. Qf2 Bg7 18. Nf1 Qb8 19. Bc3 Ne5 20. Qb2 Nh5 21. Ne2 b5
22. cxb5 axb5 23. Bd4 b4 24. Nfg3 Nxg3 25. Nxg3 Bh6 26. Rxc8 Rxc8 27. Qf2 Ba6
28. Ba7 Qc7 29. Bd4 Nd3 30. Bxd3 Bxd3 31. Nf1 Qa5 32. Qh4 Bg5 33. Qg3 Be7 34.
Ne3 h5 35. Qf2 Bd8 36. Qd2 Bb5 37. Nd5 e5 38. Be3 Bd7 39. Nf6+ Bxf6 40. Qxd6
Be6 0-1

[Event "Copenhagen Chess Challenge 2006"]
[Site "Skovlunde"]
[Date "2006.??.??"]
[Round "2"]
[White "Akdag, Dara Sevkan"]
[Black "Hansen, Alexei"]
[Result "0-1"]
[WhiteElo "1940"]
[BlackElo "2104"]
[PlyCount "118"]
[EventDate "2006.??.??"]
[EventType "swiss"]
[EventRounds "9"]
[EventCountry "DEN"]

1. d4 d5 2. c4 e6 3. Nf3 Nf6 4. Bg5 Be7 5. Nc3 O-O 6. e3 h6 7. Bh4 b6 8. cxd5
exd5 9. Qb3 Bb7 10. Bg3 c5 11. dxc5 Bxc5 12. Rd1 Qe7 13. Be2 Nbd7 14. O-O Rfd8
15. Nb5 Nf8 16. Nbd4 Ne4 17. Bh4 Ng5 18. Nxg5 hxg5 19. Bg3 Nh7 20. Bf3 Nf6 21.
Nb5 Rd7 22. h3 Bc6 23. Nd4 Bb7 24. a3 a5 25. Qa4 Rad8 26. Nb3 Ba6 27. Rfe1 Bc4
28. Nxc5 Qxc5 29. b3 b5 30. Qxa5 Bxb3 31. Rc1 Bc4 32. Qc3 Ra7 33. Qb4 Qxb4 34.
axb4 Nd7 35. Ra1 Ra4 36. Bg4 Nf6 37. Bf5 Rxb4 38. Ra7 Ra4 39. Ra1 Rxa1+ 40.
Rxa1 b4 41. Bc7 Re8 42. Ra4 b3 43. Rb4 g6 44. Bg4 Nxg4 45. hxg4 f6 46. Bb6 Rb8
47. f3 Kf7 48. Kf2 Ke6 49. Ke1 f5 50. gxf5+ Kxf5 51. g4+ Ke6 52. e4 Rh8 53. Bd4
Rh1+ 54. Kd2 Rh2+ 55. Kc1 dxe4 56. Rxc4 Kd5 57. Rb4 exf3 58. Kd1 Rh1+ 59. Kd2
b2 0-1

[Event "Copenhagen Chess Challenge 2006"]
[Site "Skovlunde"]
[Date "2006.??.??"]
[Round "2"]
[White "Carstensen, Jacob"]
[Black "Miezis, Normunds"]
[Result "1-0"]
[WhiteElo "2278"]
[BlackElo "2496"]
[PlyCount "75"]
[EventDate "2006.??.??"]
[EventType "swiss"]
[EventRounds "9"]
[EventCountry "DEN"]

1. d4 Nf6 2. c4 c5 3. Nf3 cxd4 4. Nxd4 e5 5. Nb5 d5 6. cxd5 Bc5 7. N5c3 O-O 8.
e3 e4 9. Be2 Qe7 10. a3 Rd8 11. b4 Bb6 12. Qb3 Bf5 13. Nd2 Nbd7 14. Nc4 Rac8
15. Bb2 Bg4 16. Nxb6 Nxb6 17. Bxg4 Nxg4 18. h3 Qh4 19. O-O Ne5 20. Kh2 Rd6 21.
Ne2 Nd3 22. Ng3 Rg6 23. Nf5 Qg5 24. g4 h5 25. f4 exf3 26. Qxd3 hxg4 27. Rg1 Rc4
28. Rg3 Kh8 29. Bd4 Rxd4 30. exd4 Qf4 31. hxg4 Nxd5 32. Qxf3 Re6 33. Qxf4 Nxf4
34. Rf3 Re2+ 35. Kg3 Nd5 36. Rc1 Nf6 37. Re3 Ra2 38. Rh1+ 1-0

[Event "Copenhagen Chess Challenge 2006"]
[Site "Skovlunde"]
[Date "2006.??.??"]
[Round "2"]
[White "Kaaber Hansen, Jacob"]
[Black "Nilssen, John Arni"]
[Result "0-1"]
[WhiteElo "2134"]
[BlackElo "2356"]
[PlyCount "62"]
[EventDate "2006.??.??"]
[EventType "swiss"]
[EventRounds "9"]
[EventCountry "DEN"]

1. e4 c5 2. Nf3 d6 3. d4 cxd4 4. Nxd4 Nf6 5. Nc3 g6 6. Be3 Bg7 7. f3 a6 8. Bc4
b5 9. Bb3 Bb7 10. a4 bxa4 11. Rxa4 Nbd7 12. Ra2 O-O 13. O-O Ne5 14. Qe2 Qc7 15.
Rfa1 Rfc8 16. Ra4 Ned7 17. Qd2 Nc5 18. R4a3 e6 19. Na4 Nxa4 20. Rxa4 d5 21.
exd5 Bxd5 22. Rxa6 Rxa6 23. Rxa6 Bxb3 24. Nxb3 Nd5 25. Bc5 Bxb2 26. Ra7 Qb8 27.
Ra2 Bc3 28. Qf2 Qe5 29. Bd4 Bxd4 30. Nxd4 Nc3 31. Ra1 Qxd4 0-1

[Event "Copenhagen Chess Challenge 2006"]
[Site "Skovlunde"]
[Date "2006.??.??"]
[Round "2"]
[White "Nielsen, Jan Mose"]
[Black "Nilsson, Sebastian"]
[Result "0-1"]
[WhiteElo "2101"]
[BlackElo "2223"]
[PlyCount "96"]
[EventDate "2006.??.??"]
[EventType "swiss"]
[EventRounds "9"]
[EventCountry "DEN"]

1. d4 e6 2. c4 c5 3. Nf3 a6 4. Nc3 cxd4 5. Nxd4 Qc7 6. e3 b6 7. Be2 Bb7 8. O-O
Nf6 9. b3 b5 10. Bb2 bxc4 11. Bxc4 d5 12. Be2 Bd6 13. h3 O-O 14. Rc1 Qe7 15.
Rc2 Nbd7 16. Qa1 Rac8 17. Rfc1 Bb8 18. Na4 Qd6 19. Nf3 Rxc2 20. Rxc2 e5 21. Qc1
Re8 22. Ba3 Qe6 23. Nc5 Nxc5 24. Rxc5 Ne4 25. Rc2 Nd6 26. Rc7 Rc8 27. Rxc8+
Nxc8 28. Qc5 h6 29. Qf8+ Kh7 30. Nh4 Qf6 31. Bg4 Bd6 32. Bf5+ Qxf5 33. Nxf5
Bxf8 34. Bxf8 Nb6 35. Bxg7 Bc8 36. Bxe5 Bxf5 37. Kf1 Bb1 38. Bd4 Nc8 39. a3 Bc2
40. b4 Bd3+ 41. Ke1 Nd6 42. Kd2 Bf1 43. g3 Bxh3 44. a4 Bd7 45. b5 axb5 46. axb5
Bxb5 47. f3 Kg6 48. Ke1 Nf5 0-1

[Event "Copenhagen Chess Challenge 2006"]
[Site "Skovlunde"]
[Date "2006.??.??"]
[Round "2"]
[White "Smith, Axel"]
[Black "Rosenkilde, Alexander"]
[Result "1/2-1/2"]
[WhiteElo "2105"]
[BlackElo "2031"]
[PlyCount "139"]
[EventDate "2006.??.??"]
[EventType "swiss"]
[EventRounds "9"]
[EventCountry "DEN"]

1. e4 c5 2. Nf3 Nc6 3. Nc3 Nf6 4. e5 Ng4 5. Qe2 d6 6. exd6 Qxd6 7. d4 cxd4 8.
Nb5 Qb8 9. Nfxd4 e5 10. h3 Nf6 11. g3 Bc5 12. Nxc6 bxc6 13. Nc3 O-O 14. Ne4
Qb4+ 15. Nd2 Bf5 16. c3 Qb7 17. Bg2 Rad8 18. Ne4 Nxe4 19. Bxe4 Bxe4 20. Qxe4
Qb5 21. a4 Qd3 22. Qxd3 Rxd3 23. b4 Rfd8 24. Ke2 Bb6 25. a5 Bc7 26. Be3 a6 27.
Rac1 R3d7 28. Rhd1 Rxd1 29. Rxd1 Rxd1 30. Kxd1 Bd6 31. Kc2 Kf8 32. Kb3 Ke7 33.
c4 Kd7 34. g4 g6 35. Ka4 Kc7 36. b5 cxb5+ 37. cxb5 Kb7 38. g5 Be7 39. f3 f5 40.
gxf6 Bxf6 41. Bb6 h5 42. Kb4 g5 43. bxa6+ Kxa6 44. Kc4 e4 45. fxe4 g4 46. hxg4
hxg4 47. Kd3 Be5 48. Ke3 Kb5 49. Bd4 Bd6 50. Bc3 Bc7 51. Ke2 Bd6 52. Be1 Be5
53. Kf1 Ka6 54. Kg2 Kb5 55. Bg3 Bc3 56. Bc7 Kc6 57. Bd8 Be5 58. a6 Bb8 59. Ba5
Kb5 60. Bc7 Ba7 61. e5 Kxa6 62. e6 Bc5 63. Kg3 Kb7 64. Ba5 Kc6 65. Kxg4 Kd6 66.
Kf5 Ke7 67. Bd2 Ke8 68. Bc3 Bf2 69. Bh8 Bc5 70. Ba1 1/2-1/2

[Event "Copenhagen Chess Challenge 2006"]
[Site "Skovlunde"]
[Date "2006.??.??"]
[Round "2"]
[White "Tikkanen, Hans"]
[Black "Semcesen, Daniel"]
[Result "1/2-1/2"]
[WhiteElo "2359"]
[BlackElo "2195"]
[PlyCount "139"]
[EventDate "2006.??.??"]
[EventType "swiss"]
[EventRounds "9"]
[EventCountry "DEN"]

1. f4 d6 2. Nf3 Nf6 3. Nc3 c5 4. e4 a6 5. a4 e6 6. d3 Be7 7. g3 Nc6 8. Bh3 O-O
9. O-O Rb8 10. g4 d5 11. g5 Ne8 12. e5 b5 13. axb5 axb5 14. Ne2 d4 15. Ng3 Nb4
16. Qe2 Nc7 17. Ne4 Bb7 18. Rf2 c4 19. f5 exf5 20. Bxf5 cxd3 21. cxd3 Bxe4 22.
Bxe4 Ne6 23. Bd2 Nd5 24. Qf1 Ndf4 25. Kh1 g6 26. h4 Nh5 27. Qg2 Nc5 28. Re1 Rc8
29. Nh2 Nxe4 30. Rxe4 Rc2 31. Be3 Rxf2 32. Bxf2 Qa8 33. Ng4 Rd8 34. Qf3 Bf8 35.
Kg2 Qa2 36. Rxd4 Rxd4 37. Bxd4 Qa4 38. Nh6+ Bxh6 39. gxh6 Qc2+ 40. Bf2 Qc8 41.
d4 f6 42. exf6 Kf7 43. Qe4 Nxf6 44. Qf3 Qg4+ 45. Qxg4 Nxg4 46. Kf3 Nxh6 47. Ke4
Ke6 48. d5+ Kd7 49. Kd4 Kd6 50. Bg3+ Kd7 51. Kc5 Nf5 52. Bf2 h6 53. Kxb5 g5 54.
hxg5 hxg5 55. Kc4 g4 56. Bc5 g3 57. Kd3 g2 58. b4 Nd6 59. Bg1 Kc7 60. Kd4 Nb5+
61. Kc5 Nc3 62. Bh2+ Kd7 63. b5 Na4+ 64. Kd4 Nb6 65. Ke4 Nc4 66. Kd3 Nd6 67. b6
Kc8 68. Ke2 Nc4 69. Bg1 Kb7 70. Kf3 1/2-1/2

[Event "Copenhagen Chess Challenge 2006"]
[Site "Skovlunde"]
[Date "2006.??.??"]
[Round "2"]
[White "Ivanov, Mikhail"]
[Black "Skovgaard, Peter Nicolai"]
[Result "1-0"]
[WhiteElo "2443"]
[BlackElo "2197"]
[PlyCount "65"]
[EventDate "2006.??.??"]
[EventType "swiss"]
[EventRounds "9"]
[EventCountry "DEN"]

1. Nf3 Nf6 2. c4 c5 3. Nc3 Nc6 4. g3 g6 5. Bg2 Bg7 6. d4 cxd4 7. Nxd4 Ne4 8.
Nxc6 Nxc3 9. Nxd8 Nxd1 10. Nxb7 Bxb7 11. Bxb7 Rb8 12. Kxd1 Rxb7 13. Rb1 O-O 14.
b3 Rc8 15. Kc2 d5 16. Be3 dxc4 17. b4 Rcb8 18. Rhd1 f5 19. a3 Kf7 20. Rd5 e6
21. Ra5 Rd8 22. Rd1 Rxd1 23. Kxd1 Ke7 24. Rxa7 Rxa7 25. Bxa7 Kd6 26. Kc2 h5 27.
Be3 Bf6 28. a4 h4 29. a5 Kc6 30. a6 h3 31. b5+ Kc7 32. b6+ Kb8 33. Bc5 1-0

[Event "Copenhagen Chess Challenge 2006"]
[Site "Skovlunde"]
[Date "2006.??.??"]
[Round "2"]
[White "Scherwin, Claes"]
[Black "Wiecker, Stefan"]
[Result "1-0"]
[WhiteElo "1820"]
[BlackElo "2039"]
[PlyCount "129"]
[EventDate "2006.??.??"]
[EventType "swiss"]
[EventRounds "9"]
[EventCountry "DEN"]

1. d4 Nf6 2. c4 g6 3. Nc3 Bg7 4. e4 d6 5. f3 O-O 6. Be3 Nbd7 7. Qd2 c5 8. Nge2
a6 9. Ng3 Rb8 10. Be2 h5 11. h4 cxd4 12. Bxd4 Ne5 13. Nd5 b5 14. Rd1 bxc4 15.
Bxe5 Nxe4 16. Nxe4 Bxe5 17. Ndc3 Be6 18. g4 d5 19. Ng5 Qb6 20. f4 Bg7 21. Nxe6
fxe6 22. Na4 Qc7 23. Rf1 d4 24. Rc1 c3 25. bxc3 Qa5 26. cxd4 Qxa4 27. Bc4 Qa3
28. Bxe6+ Kh8 29. Bb3 Qd6 30. Rc4 hxg4 31. Ke2 a5 32. Qe3 a4 33. Rxa4 Rbd8 34.
Qe6 Bxd4 35. Qxd6 Rxd6 36. Ra5 g3 37. Rg5 Bf2 38. Rg4 Rdf6 39. Kf3 e5 40. a4
Rxf4+ 41. Rxf4 Rxf4+ 42. Kg2 Rb4 43. Bc2 Kg7 44. Rd1 Rxh4 45. Rd7+ Kh6 46. Rd6
e4 47. Re6 Rh2+ 48. Kf1 Rh1+ 49. Kg2 Rh2+ 50. Kf1 e3 51. Rxg6+ Kh5 52. Rg8 Rh1+
53. Ke2 Ra1 54. Kf3 Ra2 55. Bd1 Rd2 56. Be2 Ra2 57. Bb5 Rb2 58. Be2 Kh4 59.
Rg4+ Kh5 60. Rg8 Ra2 61. Bb5 Kh4 62. Rg4+ Kh3 63. Bf1+ Kh2 64. Rh4+ Kg1 65. Bg2
1-0

[Event "Copenhagen Chess Challenge 2006"]
[Site "Skovlunde"]
[Date "2006.??.??"]
[Round "3"]
[White "Skovgaard, Tom"]
[Black "Akdag, Dara Sevkan"]
[Result "0-1"]
[WhiteElo "2033"]
[BlackElo "1940"]
[PlyCount "80"]
[EventDate "2006.??.??"]
[EventType "swiss"]
[EventRounds "9"]
[EventCountry "DEN"]

1. e4 c5 2. Nf3 Nc6 3. d4 cxd4 4. Nxd4 Nf6 5. Nc3 d6 6. Nb3 a6 7. a4 e6 8. Bd3
Be7 9. O-O O-O 10. Be3 Ne5 11. a5 Nfd7 12. f4 Nxd3 13. cxd3 b6 14. axb6 Nxb6
15. Na5 Bd7 16. Qe2 d5 17. exd5 Nxd5 18. Nxd5 exd5 19. Nb3 Re8 20. Bd4 Rb8 21.
Qc2 Bb5 22. Rf3 Bf6 23. Qf2 Bd7 24. Nc5 Bg4 25. Bxf6 Qxf6 26. Re3 Rxe3 27. Qxe3
Qxb2 28. Re1 h6 29. Nxa6 Rc8 30. Nc5 d4 31. Qg3 Qb4 32. Ne4 f5 33. Rf1 Be2 34.
Nf6+ Kf7 35. Re1 Bxd3 36. Nd7 Be4 37. Ne5+ Kg8 38. Rf1 Rc2 39. Nf3 d3 40. Ra1
Bxf3 0-1

[Event "Copenhagen Chess Challenge 2006"]
[Site "Skovlunde"]
[Date "2006.??.??"]
[Round "3"]
[White "Semcesen, Daniel"]
[Black "Carstensen, Jacob"]
[Result "1-0"]
[WhiteElo "2195"]
[BlackElo "2278"]
[PlyCount "89"]
[EventDate "2006.??.??"]
[EventType "swiss"]
[EventRounds "9"]
[EventCountry "DEN"]

1. e4 c5 2. Nf3 d6 3. Bc4 e6 4. Bb3 Nf6 5. d3 Nc6 6. c3 Be7 7. O-O O-O 8. Re1
b5 9. Nbd2 Bb7 10. d4 Qc7 11. Nf1 Rac8 12. dxc5 dxc5 13. e5 Nd5 14. Qe2 Rfd8
15. Qxb5 Na5 16. Bd1 Bc6 17. Qe2 Rd7 18. Ng3 Qb7 19. Bc2 Rcd8 20. Qe4 g6 21.
Qg4 Nc7 22. h4 Bxf3 23. gxf3 Ne8 24. h5 Ng7 25. Kg2 Rd2 26. Bxd2 Rxd2 27. Qe4
Qxb2 28. Rac1 Qxc3 29. hxg6 hxg6 30. Bb3 Qb2 31. Rc2 Rxc2 32. Bxc2 Qxa2 33. Rb1
Qd5 34. Rb8+ Kh7 35. Qg4 Qxe5 36. Qh3+ Nh5 37. Qxh5+ Qxh5 38. Nxh5 Nc6 39. Rb7
Kh6 40. Be4 Ne5 41. Rxe7 Kxh5 42. f4 Nc4 43. Rxf7 Nd6 44. Bf3+ Kh6 45. Rxa7 1-0

[Event "Copenhagen Chess Challenge 2006"]
[Site "Skovlunde"]
[Date "2006.??.??"]
[Round "3"]
[White "Nilssen, John Arni"]
[Black "Ivanov, Mikhail"]
[Result "1/2-1/2"]
[WhiteElo "2356"]
[BlackElo "2443"]
[PlyCount "54"]
[EventDate "2006.??.??"]
[EventType "swiss"]
[EventRounds "9"]
[EventCountry "DEN"]

1. d4 Nf6 2. c4 d6 3. Nc3 e5 4. dxe5 dxe5 5. Qxd8+ Kxd8 6. Nf3 Nfd7 7. b3 f6 8.
Bb2 c6 9. O-O-O Kc7 10. g4 a5 11. Rg1 Nc5 12. Nd2 Nba6 13. e3 Nb4 14. Kb1 Nbd3
15. Nde4 Nxb2 16. Kxb2 Nxe4 17. Nxe4 Be6 18. Be2 a4 19. Nc3 axb3 20. axb3 Ba3+
21. Kc2 Be7 22. Ra1 Rag8 23. Rg2 g6 24. Kb2 Rd8 25. Rd1 Rxd1 26. Bxd1 Rd8 27.
Bc2 Ra8 1/2-1/2

[Event "Copenhagen Chess Challenge 2006"]
[Site "Skovlunde"]
[Date "2006.??.??"]
[Round "3"]
[White "Rosenkilde, Alexander"]
[Black "Nielsen, Jan Mose"]
[Result "1/2-1/2"]
[WhiteElo "2031"]
[BlackElo "2101"]
[PlyCount "32"]
[EventDate "2006.??.??"]
[EventType "swiss"]
[EventRounds "9"]
[EventCountry "DEN"]

1. d4 d5 2. c4 c6 3. Nc3 Nf6 4. e3 a6 5. Qc2 Bg4 6. b3 e6 7. Bb2 Nbd7 8. Bd3
Bd6 9. Nge2 Bh5 10. Nf4 Bg6 11. Nxg6 hxg6 12. h3 Qa5 13. c5 Bb8 14. a3 Qc7 15.
b4 e5 16. Bc1 Qd8 1/2-1/2

[Event "Copenhagen Chess Challenge 2006"]
[Site "Skovlunde"]
[Date "2006.??.??"]
[Round "3"]
[White "Nilsson, Sebastian"]
[Black "Scherwin, Claes"]
[Result "1-0"]
[WhiteElo "2223"]
[BlackElo "1820"]
[PlyCount "95"]
[EventDate "2006.??.??"]
[EventType "swiss"]
[EventRounds "9"]
[EventCountry "DEN"]

1. e4 c5 2. Nf3 Nc6 3. d4 cxd4 4. Nxd4 e6 5. Nb5 d6 6. Bf4 e5 7. Be3 Nf6 8. Bg5
a6 9. Bxf6 gxf6 10. N5c3 f5 11. Qh5 Nd4 12. Bc4 Qd7 13. Nd5 Bg7 14. Bd3 Qd8 15.
c3 fxe4 16. Bxe4 Nc6 17. Nd2 Be6 18. Nc4 Ne7 19. Rd1 Nxd5 20. Bxd5 Bxd5 21.
Rxd5 O-O 22. O-O Rc8 23. Nxd6 Rc6 24. Nf5 Qf6 25. Nxg7 Qxg7 26. Qxe5 Rb6 27.
Qxg7+ Kxg7 28. Rd2 Re8 29. g3 Re5 30. Kg2 Ra5 31. b3 Re5 32. Rfd1 Rbe6 33. Rd7
Re2 34. R1d2 b6 35. Kf3 R2e5 36. R7d6 Rf5+ 37. Kg2 Kf6 38. Rxe6+ Kxe6 39. f4
Rc5 40. Rd3 a5 41. Kf3 b5 42. Ke2 b4 43. c4 a4 44. Re3+ Kf6 45. Kd3 axb3 46.
axb3 Ra5 47. Kd4 Ra2 48. Kc5 1-0

[Event "Copenhagen Chess Challenge 2006"]
[Site "Skovlunde"]
[Date "2006.??.??"]
[Round "3"]
[White "Wiecker, Stefan"]
[Black "Smith, Axel"]
[Result "1/2-1/2"]
[WhiteElo "2039"]
[BlackElo "2105"]
[PlyCount "135"]
[EventDate "2006.??.??"]
[EventType "swiss"]
[EventRounds "9"]
[EventCountry "DEN"]

1. e4 e6 2. d4 d5 3. Nc3 Bb4 4. e5 c5 5. a3 cxd4 6. axb4 dxc3 7. Qg4 Ne7 8.
Qxg7 Rg8 9. Qxh7 Nbc6 10. Nf3 Qc7 11. Bb5 Rxg2 12. bxc3 Bd7 13. Kf1 Rg8 14. Bf4
O-O-O 15. Bd3 Kb8 16. Re1 Rc8 17. Rg1 Rxg1+ 18. Kxg1 Rg8+ 19. Bg3 Nd8 20. Qh4
Ng6 21. Qd4 Nc6 22. Qe3 Nce7 23. Qd2 Rc8 24. Ng5 Nh8 25. Re3 Qxc3 26. Qxc3 Rxc3
27. Rf3 Be8 28. Nxe6 fxe6 29. Rf8 Rc8 30. Rxh8 Nc6 31. Rh4 d4 32. b5 Nb4 33. b6
a5 34. Rxd4 Nxc2 35. Rc4 Nb4 36. Rxc8+ Kxc8 37. Bc4 Kd7 38. Bh4 Bf7 39. Bb5+
Kc8 40. Kg2 Nd5 41. f3 Nxb6 42. Be1 a4 43. Bf2 Nd7 44. Bd4 a3 45. h4 Nb8 46.
Kg3 Nc6 47. Bc3 a2 48. Bc4 Nb4 49. Kg4 a1=Q 50. Bxa1 Nc2 51. Kg5 Nxa1 52. Kf6
Bh5 53. Bxe6+ Kc7 54. Bg4 Bxg4 55. fxg4 Nc2 56. e6 Ne3 57. e7 Nd5+ 58. Kf7 Nxe7
59. Kxe7 b5 60. h5 b4 61. h6 b3 62. h7 b2 63. h8=Q b1=Q 64. Qd8+ Kb7 65. Qd7+
Ka6 66. Qc6+ Ka7 67. Qc7+ Ka6 68. Qc4+ 1/2-1/2